000
00251nam a22000977a 4500
008
160507b xxu||||| |||| 00| 0 eng d
041
_a
eng
080
_a
616.31
245
_a
Introduction to Dental public health:
_c
Public health service;
942
_2
udc
_c
BK
999
_c
1909
_d
1909